000 00471nam a2200181Ia 4500
001 25379
005 20260414151146.0
008 260414t2017||||xx |||||||||||||| ||spa||
041 _aESP
082 _a346.5
_bL46
100 _aLeón Hilario, Leysser
_eAUT
245 0 _aLa responsabilidad civil :
_blíneas fundamentales y nuevas perspectivas
260 _c2017
300 _a891 páginas :
_c25 cm.
650 _aDER
654 _aCDE
942 _cLIB
_dJUS
_fJUS
_2ddc
_n
999 _c25379
_d25379